000 01719aam a2200313 i 4500
001 768714001
003 CO-MdFUSB
005 20220117122904.0
007 ta
008 220117t1980 -us |||| |||| 00| 0 eng d
020 _a0851513239
040 _bspa.
_aCO-MdFUSB
_cCO-MdFUSB
_dCO-MdFUSBC
_erda
041 _aeng
082 0 4 _a284.2092
_223
_bC168e
100 1 _aCalvino, Juan (1509-1564)
_eautor
245 1 0 _aLetters of John Calvin
_c/ John Calvin
264 1 _aCarlisle, PA., USA :
_bThe Banner of Truth Trust,
_c[1980]
264 4 _c© 1980
300 _a261 páginas
_c; 18 cm
336 _atexto
_btxt
_2rdacontent
337 _2rdamedia
_asin mediación
_bn
338 _2rdacarrier
_avolumen
_bnc
520 _aÉl [Calvino] escribió a reyes y príncipes, reformadores y amigos, nobleza y gente común por igual. Sus cartas abordan asuntos de Estado, pero también los problemas más mundanos de la vida cotidiana, y en todas ellas se revela un hombre de profunda inquietud pastoral, consecuente y ejemplar celo evangelizador, con un humilde sentido de la autoridad final de Dios y de su Palabra. Esta selección, elegida de la traducción del siglo XIX, contiene varias cartas escritas en relación con el establecimiento de la Reforma en Inglaterra, una muestra representativa de la correspondencia de Calvino con sus amigos íntimos, especialmente William Farel, y también con Lutero y Melanchton. También hay cartas de consejo y aliento pastoral, y quizás lo más conmovedor de todo, las exhortaciones de Calvino a cinco jóvenes encarcelados en Lyon, Francia.
563 _aRústico
653 _aJuan Calvino 1509-1564
653 _aIglesia reformada
942 _cBK
945 _aJTF-925
999 _c38944
_d38944